000
00241nam a2200097Ia 4500
001
1074074
005
20250827002213.0
008
250824s9999 xx 000 0 und d
245
0
_a
PİR SULTAN
_c
BİLAL KEMİKLİ
260
_b
KETEBE YAYINLARI
999
_c
1074074
_d
1074074